|
|
|
|
| LEADER |
00000naa2a2200000 4500 |
| 001 |
635672 |
| 005 |
20231101133855.0 |
| 035 |
|
|
|a (RuTPU)RU\TPU\conf\37529
|
| 035 |
|
|
|a RU\TPU\conf\37521
|
| 090 |
|
|
|a 635672
|
| 100 |
|
|
|a 20230523d2022 k y0rusy50 ca
|
| 101 |
0 |
|
|a rus
|
| 102 |
|
|
|a RU
|
| 105 |
|
|
|a y z 101zy
|
| 135 |
|
|
|a drgn ---uucaa
|
| 181 |
|
0 |
|a i
|
| 182 |
|
0 |
|a b
|
| 200 |
1 |
|
|a Автоматика разгрузки при коротких замыканиях и управляющие воздействия для сохранения синхронной динамической устойчивости
|f К. К. Якименко
|g науч. рук. С. М. Юдин
|
| 203 |
|
|
|a Текст
|c электронный
|
| 225 |
1 |
|
|a Цифровая энергетика и интеллектуальные энергетические системы
|
| 230 |
|
|
|a 1 компьютерный файл (pdf; 78 Kb)
|
| 300 |
|
|
|a Заглавие с экрана
|
| 320 |
|
|
|a [Библиогр.: с. 48-49 (6 назв.)]
|
| 463 |
|
0 |
|0 (RuTPU)RU\TPU\conf\37517
|t Бутаковские чтения
|o материалы II Всероссийской с международным участием молодежной конференции, 13-15 декабря 2022 г., Томск
|f Национальный исследовательский Томский политехнический университет ; ред. кол. А. С. Заворин, А. С. Матвеев, С. Г. Обухов [и др.]
|v [С. 46-49]
|d 2022
|
| 610 |
1 |
|
|a электронный ресурс
|
| 610 |
1 |
|
|a труды учёных ТПУ
|
| 610 |
1 |
|
|a автоматика
|
| 610 |
1 |
|
|a нагрузки
|
| 610 |
1 |
|
|a короткие замыкания
|
| 610 |
1 |
|
|a управляющие воздействия
|
| 610 |
1 |
|
|a сохранение
|
| 610 |
1 |
|
|a динамическая устойчивость
|
| 610 |
1 |
|
|a генерирующее оборудование
|
| 610 |
1 |
|
|a электроэнергетические системы
|
| 610 |
1 |
|
|a противоаварийная автоматика
|
| 610 |
1 |
|
|a возобновляемые источники энергии
|
| 610 |
1 |
|
|a цифровая обработка
|
| 700 |
|
1 |
|a Якименко
|b К. К.
|
| 702 |
|
1 |
|a Юдин
|b С. М.
|c специалист в области электротехники
|c доцент Томского политехнического университета, кандидат технических наук
|f 1949-
|g Святослав Михайлович
|2 stltpush
|4 727
|
| 712 |
0 |
2 |
|a Национальный исследовательский Томский политехнический университет
|b Инженерная школа энергетики
|b Отделение электроэнергетики и электротехники
|h 8022
|2 stltpush
|3 (RuTPU)RU\TPU\col\23505
|
| 801 |
|
2 |
|a RU
|b 63413507
|c 20230615
|g RCR
|
| 856 |
4 |
|
|u http://earchive.tpu.ru/handle/11683/75975
|
| 942 |
|
|
|c BK
|